00715 2200241 4500001002100000005001500021035002000036007000300056008004100059020002200100082000800122084001400130100002700144245004200171250001400213300004600227650001300273520006500286264003800351336003100389337003000420338002300450INLIS00000000000028920210206094935 a0010-0221000082ta210206 g 1 ind  a978-979-688-037-5 a502 a502 LAL t0 aLalu Safi'iePengarang1 aTangan-Tangan Terampil /cLalu Safi'i aCetakan 2 aiv, 60 Halaman :bIlustrasi ;c18 x 25 cm 4aMotivasi aAku Selalu Berusaha mencapai Prestasi yang tinggi di sekolah aSolo :bPT. Tiga Serangkai,c1998 aTeks Bergambar2rdacontent aTanpa Perantara2rdamedia aVolume2rdacarrier